| 000 | 00827cam a2200289 i 4500 | ||
|---|---|---|---|
| 001 | 3639484 | ||
| 003 | OSt | ||
| 005 | 20150519103155.0 | ||
| 008 | 750728s1975 enk b 001 0 eng | ||
| 010 | _a 75319890 | ||
| 015 | _aGB*** | ||
| 020 |
_a0406570124 : _c£6.40. _a0406570132 |
||
| 040 |
_aDLC _cDLC _dDLC |
||
| 043 | _ae-uk--- | ||
| 050 | 0 | 0 |
_aKD8406 _b.C76 1975 |
| 082 | 0 | 0 | _a345.0772 CRO |
| 100 | 1 |
_aCross, Rupert, _cSir, _9929 |
|
| 245 | 1 | 4 |
_aThe English sentencing system / _cRupert Cross. _ |
| 250 | _a2d ed. _ | ||
| 260 |
_aLondon : _bButterworths, _c1975. |
||
| 300 |
_axvi, 213 p. ; _c23 cm. |
||
| 500 | _aIncludes index. | ||
| 504 | _aBibliography: p. 202-203. | ||
| 650 | 0 |
_aSentences (Criminal procedure) _zGreat Britain. _9930 |
|
| 906 |
_a7 _bcbc _corignew _d3 _encip _f19 _gy-gencatlg |
||
| 942 |
_2ddc _cBK |
||
| 999 |
_c310 _d310 |
||